MARC

LEADER 00000nam0a2200000 4500
001 227143
005 20231101230758.0
035 |a (RuTPU)RU\TPU\book\247544 
090 |a 227143 
100 |a 20121203d1964 m y0rusy50 ca 
101 0 |a rus 
102 |a RU 
105 |a a z 001zy 
200 1 |a Лампы с бегущей волной (вопросы теории и расчета)  |f М. Б. Цейтлин, А. М. Кац 
210 |a Москва  |c Советское радио  |d 1964 
215 |a 312 с.  |c ил. 
320 |a Библиогр.: с. 304-309. 
606 1 |a Электронные лампы с бегущей волной  |2 stltpush  |3 (RuTPU)RU\TPU\subj\20449  |9 45550 
610 1 |a теория 
610 1 |a расчет 
610 1 |a линейная теория 
610 1 |a электромагнитные волны 
610 1 |a лампы бегущей волны 
675 |a 621.385.632  |v 3 
700 1 |a Цейтлин  |b М. Б.  |g Михаил Борисович 
701 1 |a Кац  |b А. М.  |g Альберт Маркович 
801 1 |a RU  |b 63413507  |c 20121203 
801 2 |a RU  |b 63413507  |c 20140219  |g RCR 
942 |c BK